[Event "Stay Safe Play From Home 297"]
[Site "Emanuel Lasker Arena"]
[Date "2020.07.14"]
[Round "6"]
[White "Uber_WING"]
[Black "NTBT_DHS"]
[Result "0-1"]
[WhiteElo "2451"]
[BlackElo "2110"]
[Annotator "TA"]
[PlyCount "66"]
[EventDate "2020.07.14"]
[EventType "swiss (blitz)"]

{[%evp 15,65,0,0,-7,-2,-8,-2,-22,-11,-25,-18,-22,-8,-5,0,-18,-6,0,0,-33,-36,-72,-88,-88,-64,-195,-106,-287,-285,-283,-258,-429,-425,-824,-463,-464,-421,-438,-409,-414,-375,-605,-588,-597,-575,-552,-466,-1110,-558,-803,-664,-29999]} 1. e4 g6 2. Nc3 Bg7 3. g3 d6 4. Bg2 Nf6 5. d3 O-O 6. h3 c5 7. Be3 Nc6 8. Qd2 Rb8 9. Nge2 {B26: Closed Sicilian: 3 g3, lines with early Be3.} b5 10. a3 a5 11. f4 {[#] Threatens to win with e5.The position is equal.} b4 12. axb4 axb4 13. Nd1 Nd7 14. O-O {[#]} Bb7 $146 ({Predecessor:} 14... Na5 15. f5 c4 16. d4 Ba6 17. fxg6 hxg6 18. Rf2 c3 19. Qc1 Bxe2 20. Rxe2 Nc6 21. bxc3 bxc3 {0-1 (39) Tosic,M (2411)-Atakisi,U (2358) Veliko Gradiste 2016}) 15. g4 e6 16. f5 Nde5 17. Ng3 Nd4 $36 {[%mdl 2048] Black fights for an advantage.} 18. Bh6 Qh4 {Black keeps a firm grip on the game.} 19. Bxg7 Kxg7 20. Qf2 (20. f6+ $1 $15 Kg8 21. Ne2) 20... Qg5 (20... Kg8 $19 {White must now prevent ...Nxc2!} 21. c3 Nxd3) 21. h4 $2 {[#]} (21. Ne3 $17 {might work better.}) 21... Qxg4 $19 22. Ne3 Qxh4 {And now ...Kh8 would win.} 23. f6+ $2 (23. fxg6 Kxg6 24. Ne2 Nxe2+ 25. Qxe2) 23... Kh8 24. c3 (24. Rfd1 $142) 24... Nb3 25. Rad1 bxc3 26. bxc3 Ba6 27. c4 Nd4 28. Qf4 $2 (28. Ne2 Nxe2+ 29. Qxe2) 28... Qxf4 29. Rxf4 Rb3 30. Bf1 Rfb8 31. Rh4 (31. Ng4 $142) 31... Rb1 32. Kf2 R8b2+ 33. Ke1 Nef3# {Accuracy: White = 31%, Black = 65%.} 0-1

[Event "Stay Safe Play From Home 297"]
[Site "Emanuel Lasker Arena"]
[Date "2020.07.12"]
[Round "6"]
[White "Mepe_Nika"]
[Black "Haris kollari 13"]
[Result "1-0"]
[WhiteElo "2419"]
[BlackElo "1888"]
[Annotator "NA RC"]
[PlyCount "91"]
[EventDate "2020.07.12"]
[EventType "swiss (blitz)"]

1. g3 {[%emt 0:00:09]} d5 {[%emt 0:00:03]} 2. Bg2 {[%emt 0:00:01]} e5 {[%emt 0:00:01]} 3. c4 {[%emt 0:00:01]} c6 {[%emt 0:00:01]} 4. d4 {[%emt 0:00:07]} e4 {[%emt 0:00:01]} 5. Nc3 {[%emt 0:00:03]} Be6 {[%emt 0:00:03]} 6. Nh3 {[%emt 0:00:04]} f5 {[%emt 0:00:08]} 7. Bg5 {[%emt 0:00:03]} Nf6 {[%emt 0:00:03]} 8. Nf4 {[%emt 0:00:02]} Bf7 {[%emt 0:00:06]} 9. cxd5 {[%emt 0:00:04]} cxd5 {[%emt 0:00:02]} 10. Qb3 {[%emt 0:00:01]} Qd7 {[%emt 0:00:18]} 11. Bxf6 {[%emt 0:01:00]} gxf6 {[%emt 0:00:01]} 12. Nfxd5 {[%emt 0:00:00]} Bg7 {[%emt 0:00:08]} 13. Qb5 {[%emt 0:00:06]} Qxb5 {[%emt 0:00:05]} 14. Nxb5 {[%emt 0:00:00]} Bxd5 {[%emt 0:00:01]} 15. Nc7+ {[%emt 0:00:01]} Kd7 {[%emt 0:00:02]} 16. Nxd5 {[%emt 0:00:00]} Nc6 {[%emt 0:00:01]} 17. Ne3 {[%emt 0:00:06]} Rhd8 {[%emt 0:00:12]} 18. Nxf5 {[%emt 0:00:02]} Bh8 {[%emt 0:00:09]} 19. Bxe4 {[%emt 0:00:01]} Ke6 {[%emt 0:00:04]} 20. d5+ {[%emt 0:00:03]} Ke5 {[%emt 0:00:02]} 21. f3 {[%emt 0:00:30]} Nb4 {[%emt 0:00:08]} 22. Rd1 {[%emt 0:00:09]} Nxd5 {[%emt 0:00:03]} 23. Rxd5+ {[%emt 0:00:03]} Rxd5 {[%emt 0:00:02]} 24. Bxd5 {[%emt 0:00:00]} Kxf5 {[%emt 0:00:10]} 25. Bxb7 {[%emt 0:00:03]} Rb8 {[%emt 0:00:01]} 26. Be4+ {[%emt 0:00:00]} Ke5 {[%emt 0:00:01]} 27. b3 {[%emt 0:00:03]} f5 {[%emt 0:00:01]} 28. Bd3 {[%emt 0:00:01]} Bf6 {[%emt 0:00:06]} 29. Kd2 {[%emt 0:00:01]} Rc8 {[%emt 0:00:04]} 30. Rc1 {[%emt 0:00:02]} Rxc1 {[%emt 0:00:05]} 31. Kxc1 {[%emt 0:00:00]} f4 {[%emt 0:00:02]} 32. Bxh7 {[%emt 0:00:02]} Bg5 {[%emt 0:00:10]} 33. Kc2 {[%emt 0:00:02]} Kd4 {[%emt 0:00:02]} 34. gxf4 {[%emt 0:00:04]} Bxf4 {[%emt 0:00:02]} 35. h4 {[%emt 0:00:01]} Ke3 {[%emt 0:00:01]} 36. Bd3 {[%emt 0:00:01]} Bh6 {[%emt 0:00:03]} 37. h5 {[%emt 0:00:01]} Kd4 {[%emt 0:00:02]} 38. e4 {[%emt 0:00:02]} Ke3 {[%emt 0:00:03]} 39. e5 {[%emt 0:00:01]} Kxf3 {[%emt 0:00:01]} 40. e6 {[%emt 0:00:01]} Bf8 {[%emt 0:00:01]} 41. h6 {[%emt 0:00:00]} Kf4 {[%emt 0:00:12]} 42. h7 {[%emt 0:00:01]} Bg7 {[%emt 0:00:01]} 43. e7 {[%emt 0:00:01]} Kg5 {[%emt 0:00:04]} 44. e8=Q {[%emt 0:00:00]} Kh6 {[%emt 0:00:01]} 45. h8=Q+ {[%emt 0:00:01]} Bxh8 {[%emt 0:00:02]} 46. Qxh8+ {[%emt 0:00:00] Haris kollari 13 resigns (Lag: Av=0.41s, max=0.9s)} 1-0

[Event "Stay Safe Play From Home 297"]
[Site "Emanuel Lasker Arena"]
[Date "2020.07.14"]
[Round "6"]
[White "Broken sword"]
[Black "Toosieslide"]
[Result "1-0"]
[WhiteElo "2415"]
[BlackElo "2238"]
[Annotator "TA"]
[PlyCount "97"]
[EventDate "2020.07.14"]
[EventType "swiss (blitz)"]

{[%evp 21,97,0,0,-21,-3,-4,-4,-4,66,68,132,123,189,166,494,492,475,395,479,466,494,476,553,501,591,598,599,584,602,596,591,585,562,570,570,555,595,497,564,555,518,541,528,414,405,0,420,466,452,451,439,425,532,459,596,584,824,821,1039,995,1486,1076,1128,940,1083,1066,1458,1318,1106,0,1505,922,29971,29971,29970,29964,2325,1858]} 1. e4 e5 2. Nf3 Nc6 3. Bb5 a6 4. Bxc6 dxc6 5. O-O Bg4 6. h3 h5 7. d3 Qf6 8. Be3 Bxf3 9. Qxf3 Qxf3 10. gxf3 Bd6 11. Nd2 Ne7 12. Rfb1 {C68: Ruy Lopez: Exchange Variation, sidelines.} O-O-O 13. b4 g5 {[#]} 14. a4 $146 {The position is equal.} ({Don't blunder} 14. Bxg5 $2 Rhg8 $19) ({Predecessor:} 14. Kf1 Rdg8 15. c4 f5 16. c5 f4 17. cxd6 fxe3 18. Nc4 Ng6 19. fxe3 g4 20. Kf2 gxf3 {0-1 (30) Petri,B (1812)-Udaykumar,A (1728) Willingen 2018}) 14... f5 (14... f6 $11) 15. Bxg5 $14 h4 (15... Rhg8 $14 16. h4 fxe4) 16. Kf1 $16 f4 (16... Rh5 $16 {might work better.}) 17. Ke2 Ng6 $2 {[#]} (17... Rdg8 {is more resistant.}) 18. Bxd8 $18 Kxd8 19. Rg1 Rh6 20. Rab1 Ke7 21. Nc4 Ke6 22. Rg4 Ne7 23. c3 b5 24. axb5 axb5 25. Na5 Rh8 26. Nb3 Ra8 27. Ra1 Rh8 28. Na5 Rh6 29. Kd2 Rh8 30. Kc2 c5 31. bxc5 Bxc5 32. Rf1 Ra8 33. Ra1 $2 {[#]} ({White should play} 33. Nb3 $18 Bxf2 34. d4) 33... Bb6 $2 {[%mdl 8192]} (33... Rh8 $1 $11 {and Black has nothing to worry.} 34. d4 Bb6) 34. Nb3 Rxa1 35. Nxa1 Bxf2 {[%mdl 4096] Endgame KRN-KBN} 36. Nb3 Bg3 37. d4 c6 38. Kd3 Kd6 39. Rg7 Ke6 40. Rh7 Kd6 41. Rh6+ Kd7 42. Nc5+ Kc7 43. dxe5 Kd8 44. Ne6+ Kd7 45. Nc5+ $2 (45. Nd4 $18 Bf2 46. Rd6+ Kc7 47. Ne6+ Kb8 48. Rd8+ Nc8 49. Nxf4) 45... Ke8 $2 {[%mdl 8192]} (45... Kd8 $11 46. e6 Bf2) 46. c4 Kf7 47. cxb5 cxb5 48. Rh7+ Ke8 49. e6 {White took control after the opening. Accuracy: White = 79%, Black = 26%.} 1-0

[Event "Stay Safe Play From Home 297"]
[Site "Emanuel Lasker Arena"]
[Date "2020.07.14"]
[Round "6"]
[White "AChessPlayer"]
[Black "BrainThinker22"]
[Result "1-0"]
[WhiteElo "2407"]
[BlackElo "2427"]
[Annotator "NA"]
[PlyCount "41"]
[EventDate "2020.07.14"]
[EventType "swiss (blitz)"]

1. e4 {[%emt 0:00:01]} c6 {[%emt 0:00:01]} 2. Nf3 {[%emt 0:00:01]} d5 {[%emt 0:00:00]} 3. Nc3 {[%emt 0:00:00]} Bg4 {[%emt 0:00:01]} 4. h3 {[%emt 0:00:01]} Bxf3 {[%emt 0:00:00]} 5. Qxf3 {[%emt 0:00:00] BrainThinker22 offers a draw} e6 {[%emt 0:00:01]} 6. d3 {[%emt 0:00:00]} Nf6 {[%emt 0:00:01]} 7. Bd2 {[%emt 0:00:00]} Be7 {[%emt 0:00:00]} 8. g4 {[%emt 0:00:01]} h6 {[%emt 0:00:01]} 9. h4 {[%emt 0:00:01]} d4 {[%emt 0:00:00]} 10. Ne2 {[%emt 0:00:01]} c5 {[%emt 0:00:00]} 11. g5 {[%emt 0:00:01]} hxg5 {[%emt 0:00:01]} 12. hxg5 {[%emt 0:00:00]} Rxh1 {[%emt 0:00:01]} 13. Qxh1 {[%emt 0:00:00]} Ng8 {[%emt 0:00:01]} 14. Qh8 {[%emt 0:00:02]} Kf8 {[%emt 0:00:00]} 15. g6 {[%emt 0:00:05]} fxg6 {[%emt 0:00:01]} 16. Nf4 {[%emt 0:00:01]} Qd6 {[%emt 0:00:12]} 17. Nxg6+ {[%emt 0:00:01]} Kf7 {[%emt 0:00:02]} 18. Bf4 {[%emt 0:00:00]} Qa6 {[%emt 0:00:06]} 19. Ne5+ {[%emt 0:00:01]} Kf8 {[%emt 0:00:03]} 20. Qh5 {[%emt 0:00:01]} Qa5+ {[%emt 0:00:12]} 21. Kd1 {[%emt 0:00:01] BrainThinker22 resigns (Lag: Av=0.60s, max=1.3s)} 1-0

[Event "Stay Safe Play From Home 297"]
[Site "Emanuel Lasker Arena"]
[Date "2020.07.12"]
[Round "6"]
[White "AChessPlayer"]
[Black "Patzeroglu"]
[Result "1-0"]
[WhiteElo "2347"]
[BlackElo "1928"]
[Annotator "TA"]
[PlyCount "55"]
[EventDate "2020.07.12"]
[EventType "swiss (blitz)"]

{[%evp 10,55,22,36,53,53,44,-6,20,32,59,-12,-11,-19,0,-52,-64,-43,-58,-80,-36,-36,-9,-39,0,0,-8,-39,66,73,187,192,1487,1481,1474,1479,1431,1352,1616,1550,29987,29988,29988,29989,29997,29998,29998,29999]} 1. e4 c5 2. Nf3 Nf6 3. e5 Nd5 4. Nc3 e6 5. Ne4 Nc6 6. c4 Nf4 {B29: Sicilian: 2 Nf3 Nf6 (Nimzowitsch Variation).} 7. d4 Ng6 {[#]} 8. Bg5 $146 ({Predecessor:} 8. dxc5 Bxc5 9. Bd2 Qb6 10. Bc3 Bb4 11. Qd2 O-O 12. Be2 Bxc3 13. Qxc3 Qb4 14. O-O Qxc3 15. Nxc3 Ngxe5 16. Nxe5 Nxe5 {1-0 (60) Miesbauer,J (1989)-Garayev,K (1741) Al Ain 2013}) 8... Qa5+ {The position is equal.} 9. Bd2 Qc7 10. d5 ({Much weaker is} 10. Nxc5 Nxd4 11. Nd3 Nxf3+ 12. Qxf3 Qxc4 $15) (10. dxc5 $14 Ncxe5 11. Nd4) 10... Ncxe5 $11 11. Bc3 d6 12. Be2 ({White should play} 12. Nxe5 $11 Nxe5 13. f4) 12... Nxf3+ $15 13. Bxf3 e5 14. h4 Ne7 15. g4 Bd7 16. a3 h6 17. b4 $1 $36 {[%mdl 2048] White is pushing.} b6 18. Rb1 {bxc5 is the strong threat.} f5 (18... Ng6 $15 19. bxc5 bxc5) 19. gxf5 $14 Bxf5 (19... cxb4 $16 {keeps fighting.} 20. axb4 Bxf5) 20. bxc5 $18 bxc5 $2 {[#]} (20... Bxe4 21. Qa4+ (21. Bxe4 Qxc5 22. Qa4+ Kd8 $16) 21... Qd7 22. Qxd7+ Kxd7 23. Bxe4 bxc5) 21. Rb7 $1 {[%mdl 512]} Qd8 (21... Qxb7 22. Nxd6+) 22. Qa4+ Kf7 23. Ba5 Bxe4 24. Bxd8 Bxf3 {[#]} 25. Bxe7 $1 {[%mdl 512] White mates.} Bxe7 {[#]} 26. Qd7 $1 {[%mdl 512]} Bxh1 27. Qxe7+ Kg6 28. Qf7+ {Accuracy: White = 68%, Black = 47%.} 1-0

[Event "Stay Safe Play From Home 297"]
[Site "Emanuel Lasker Arena"]
[Date "2020.07.14"]
[Round "6"]
[White "Little champs"]
[Black "Lamborghini"]
[Result "1-0"]
[WhiteElo "2232"]
[BlackElo "2164"]
[Annotator "TA"]
[PlyCount "101"]
[EventDate "2020.07.14"]
[EventType "swiss (blitz)"]

{[%evp 13,101,31,41,39,47,0,41,25,22,22,53,40,43,47,60,41,105,103,103,41,143,108,145,141,156,101,102,95,93,68,84,0,80,71,81,81,87,-93,-93,-93,-93,-194,-163,-241,-198,-344,-324,-311,-268,-262,-262,-307,-283,-285,-265,-253,-267,-269,-239,-431,-427,-561,-375,-554,-327,-309,-283,-411,-271,-261,858,870,840,836,1206,1034,29983,1097,1200,768,29989,29989,29989,29989,29993,29989,29991,29992,29998,1035]} 1. d4 g6 2. e3 Bg7 3. Nf3 d6 4. Be2 Nf6 5. O-O O-O 6. c4 Nc6 7. Nc3 e5 8. d5 {A25: English Opening vs King's Indian with ...Nc6 but without early d3.} Ne7 9. Ne1 {[#]} Ne8 $146 ({Predecessor:} 9... Nd7 10. Rb1 f5 11. f4 g5 12. fxg5 Ng6 13. Nf3 e4 14. Nd4 Nde5 15. Ne6 Bxe6 16. dxe6 Qxg5 {1-0 (49) Briestensky,R (2331)-Kostelny,J (2211) Slovakia 2019}) 10. b3 {White is slightly better.} f5 11. Bb2 h5 12. Nc2 Nf6 13. f4 exf4 14. exf4 Kh7 (14... Ne4 $14 15. Qd3 c6) 15. Nd4 Re8 16. Bf3 (16. Rb1 $16) 16... Neg8 (16... c5 $14 17. Nc2 Ne4 18. Nxe4 fxe4 19. Bxg7 exf3) 17. Re1 Bd7 18. Qd2 Nh6 19. Ne6 (19. g3 $142) 19... Bxe6 $16 20. dxe6 c6 21. Rad1 Qb6+ $1 22. Kh1 ({White should try} 22. Kf1 $16) 22... Rad8 (22... Nhg4 $11 {remains equal.} 23. c5 Qxc5 24. Bxg4 Nxg4) 23. Na4 Qc7 24. h3 Nhg8 25. c5 $2 {[#]} (25. Qf2 $16 {stays on course.}) 25... d5 $17 26. Be5 Qc8 27. Qb2 (27. Nb2 $17) 27... Rxe6 28. Re2 (28. Nc3 $142) 28... Qd7 29. Rde1 (29. Qd4 $142) 29... Ne4 $19 30. Bxe4 dxe4 31. Bxg7 Qxg7 32. Qc2 Re7 33. Nb2 {[%cal Ba4b2,Bb2c4,Bc4d6][%mdl 32]} Red7 34. Nc4 Nf6 {[%cal Bg8f6,Bf6d5,Bd5f4][%mdl 32]} 35. Nd6 Nd5 36. Qc4 $2 (36. Rf1) 36... Nxf4 37. Rf2 Nd5 38. Ref1 (38. b4 {was called for.}) 38... Rxd6 39. cxd6 Rxd6 40. g4 (40. Qc5 {keeps fighting.} Re6 41. Qxa7) 40... hxg4 41. hxg4 Qh6+ $4 {[%mdl 8192]} (41... Qe5 $19 42. gxf5 gxf5 43. Rh2+ Rh6 44. Rxh6+ Kxh6) 42. Rh2 $18 Qxh2+ 43. Kxh2 f4 44. Qxe4 Kg7 45. Rxf4 (45. Qe5+ $142 Kf7 46. Qxd6 g5 47. Qe5 Nf6 {[#]} 48. Qf5 $1 {[%mdl 512]} Ke7 49. Re1+ Kd8 50. Qxf6+ Kc7 51. Qd4 a5 52. Re7+ Kb8 53. Re8+ Kc7 54. Qd8#) 45... Nxf4 46. Qxf4 Rd2+ 47. Qxd2 {White mates.} Kf6 48. Qd7 Kg5 49. Qxb7 Kh4 50. Qxc6 g5 51. Qh6+ {What a fight! Accuracy: White = 36%, Black = 47%.} (51. Qf3 $142 a6 52. Qh3#) 1-0

[Event "Stay Safe Play From Home 297"]
[Site "Emanuel Lasker Arena"]
[Date "2020.07.14"]
[Round "6"]
[White "Bardellosport"]
[Black "Fischer_11"]
[Result "1-0"]
[WhiteElo "2010"]
[BlackElo "2076"]
[Annotator "NA"]
[PlyCount "131"]
[EventDate "2020.07.14"]
[EventType "swiss (blitz)"]

1. d4 {[%emt 0:00:01]} e5 {[%emt 0:00:01]} 2. e3 {[%emt 0:00:00]} exd4 {[%emt 0:00:01]} 3. exd4 {[%emt 0:00:00]} g6 {[%emt 0:00:00]} 4. c3 {[%emt 0:00:00]} Bg7 {[%emt 0:00:00]} 5. f4 {[%emt 0:00:00]} Nf6 {[%emt 0:00:00]} 6. Nf3 {[%emt 0:00:00]} O-O {[%emt 0:00:00]} 7. Bc4 {[%emt 0:00:01]} c5 {[%emt 0:00:00]} 8. O-O {[%emt 0:00:01]} cxd4 {[%emt 0:00:00]} 9. cxd4 {[%emt 0:00:00]} b6 {[%emt 0:00:01]} 10. Nc3 {[%emt 0:00:01]} Ba6 {[%emt 0:00:00]} 11. Bxa6 {[%emt 0:00:01]} Nxa6 {[%emt 0:00:00]} 12. Qd3 {[%emt 0:00:01]} Nc7 {[%emt 0:00:02]} 13. d5 {[%emt 0:00:00]} d6 {[%emt 0:00:01]} 14. Ng5 {[%emt 0:00:02]} Rc8 {[%emt 0:00:01]} 15. Be3 {[%emt 0:00:01]} Re8 {[%emt 0:00:02]} 16. Rae1 {[%emt 0:00:01]} h6 {[%emt 0:00:03]} 17. Nf3 {[%emt 0:00:01]} Ng4 {[%emt 0:00:02]} 18. Bd2 {[%emt 0:00:01]} Rxe1 {[%emt 0:00:03]} 19. Rxe1 {[%emt 0:00:01]} Qf6 {[%emt 0:00:01]} 20. h3 {[%emt 0:00:01]} Ne5 {[%emt 0:00:09]} 21. fxe5 {[%emt 0:00:01]} dxe5 {[%emt 0:00:00]} 22. d6 {[%emt 0:00:01]} Ne6 {[%emt 0:00:06]} 23. Nxe5 {[%emt 0:00:01]} Nc5 {[%emt 0:00:01]} 24. Qg3 {[%emt 0:00:03]} Qxd6 {[%emt 0:00:02]} 25. Bf4 {[%emt 0:00:03]} Qd4+ {[%emt 0:00:02]} 26. Qe3 {[%emt 0:00:02]} Bxe5 {[%emt 0:00:02]} 27. Bxe5 {[%emt 0:00:02]} Qxe3+ {[%emt 0:00:03]} 28. Rxe3 {[%emt 0:00:00]} Re8 {[%emt 0:00:01]} 29. Bf4 {[%emt 0:00:02]} Rxe3 {[%emt 0:00:02]} 30. Bxe3 {[%emt 0:00:01]} Nd3 {[%emt 0:00:00]} 31. b3 {[%emt 0:00:02]} Nb4 {[%emt 0:00:00]} 32. Bc1 {[%emt 0:00:02]} Nc6 {[%emt 0:00:00]} 33. Ba3 {[%emt 0:00:01]} h5 {[%emt 0:00:00]} 34. Nd5 {[%emt 0:00:01]} f5 {[%emt 0:00:01]} 35. Ne7+ {[%emt 0:00:00]} Kf7 {[%emt 0:00:01]} 36. Nxc6 {[%emt 0:00:01]} a6 {[%emt 0:00:01]} 37. Nd4 {[%emt 0:00:00]} b5 {[%emt 0:00:00]} 38. Bb2 {[%emt 0:00:01]} f4 {[%emt 0:00:01]} 39. Nf3 {[%emt 0:00:01]} g5 {[%emt 0:00:00]} 40. Ne5+ {[%emt 0:00:01]} Kf6 {[%emt 0:00:01]} 41. Nd7+ {[%emt 0:00:01]} Kf5 {[%emt 0:00:00]} 42. Nc5 {[%emt 0:00:00]} g4 {[%emt 0:00:00]} 43. hxg4+ {[%emt 0:00:01]} hxg4 {[%emt 0:00:00]} 44. Nxa6 {[%emt 0:00:01]} f3 {[%emt 0:00:00]} 45. gxf3 {[%emt 0:00:01]} gxf3 {[%emt 0:00:00]} 46. Kf2 {[%emt 0:00:00]} Ke4 {[%emt 0:00:00]} 47. Nc7 {[%emt 0:00:01]} Kd3 {[%emt 0:00:00]} 48. Nxb5 {[%emt 0:00:00]} Kc2 {[%emt 0:00:00]} 49. a4 {[%emt 0:00:00]} Kxb2 {[%emt 0:00:01]} 50. a5 {[%emt 0:00:00]} Kxb3 {[%emt 0:00:00]} 51. a6 {[%emt 0:00:00]} Kb4 {[%emt 0:00:00]} 52. a7 {[%emt 0:00:00]} Kxb5 {[%emt 0:00:00]} 53. a8=Q {[%emt 0:00:00]} Kc5 {[%emt 0:00:00]} 54. Qxf3 {[%emt 0:00:00]} Kd4 {[%emt 0:00:00]} 55. Qe3+ {[%emt 0:00:00]} Kc4 {[%emt 0:00:01]} 56. Ke2 {[%emt 0:00:00]} Kb4 {[%emt 0:00:00]} 57. Qd3 {[%emt 0:00:00]} Kc5 {[%emt 0:00:01]} 58. Kd2 {[%emt 0:00:00]} Kb6 {[%emt 0:00:00]} 59. Kc3 {[%emt 0:00:01]} Kb7 {[%emt 0:00:00]} 60. Qd6 {[%emt 0:00:01]} Ka7 {[%emt 0:00:01]} 61. Qb4 {[%emt 0:00:01]} Ka8 {[%emt 0:00:00]} 62. Kc4 {[%emt 0:00:00]} Ka7 {[%emt 0:00:00]} 63. Kc5 {[%emt 0:00:00]} Ka8 {[%emt 0:00:00]} 64. Kc6 {[%emt 0:00:00]} Ka7 {[%emt 0:00:00]} 65. Kc7 {[%emt 0:00:00]} Ka8 {[%emt 0:00:00]} 66. Qb8# {[%emt 0:00:01] (Lag: Av=0.30s, max=0.8s)} 1-0

[Event "Stay Safe Play From Home 297"]
[Site "Emanuel Lasker Arena"]
[Date "2020.07.14"]
[Round "6"]
[White "Sfantul321"]
[Black "Buzaglo"]
[Result "1-0"]
[WhiteElo "1981"]
[BlackElo "1795"]
[Annotator "NA"]
[PlyCount "75"]
[EventDate "2020.07.14"]
[EventType "swiss (blitz)"]

1. c4 {[%emt 0:00:01]} e6 {[%emt 0:00:00]} 2. Nc3 {[%emt 0:00:00]} d5 {[%emt 0:00:00]} 3. d4 {[%emt 0:00:00]} dxc4 {[%emt 0:00:01]} 4. e4 {[%emt 0:00:01]} Nf6 {[%emt 0:00:00]} 5. Bxc4 {[%emt 0:00:01]} c5 {[%emt 0:00:00]} 6. d5 {[%emt 0:00:01]} exd5 {[%emt 0:00:01]} 7. exd5 {[%emt 0:00:00]} Bd6 {[%emt 0:00:02]} 8. Bg5 {[%emt 0:00:01]} O-O {[%emt 0:00:02]} 9. Nge2 {[%emt 0:00:01]} Bf5 {[%emt 0:00:02]} 10. O-O {[%emt 0:00:01]} Nbd7 {[%emt 0:00:00]} 11. h3 {[%emt 0:00:02]} Ne5 {[%emt 0:00:01]} 12. Bb3 {[%emt 0:00:02]} h6 {[%emt 0:00:01]} 13. Bf4 {[%emt 0:00:03]} c4 {[%emt 0:00:01]} 14. Bc2 {[%emt 0:00:01]} g5 {[%emt 0:00:03]} 15. Bxe5 {[%emt 0:00:01]} Bxc2 {[%emt 0:00:02]} 16. Qxc2 {[%emt 0:00:01]} Bxe5 {[%emt 0:00:01]} 17. Rad1 {[%emt 0:00:01]} Bd6 {[%emt 0:00:02]} 18. Nd4 {[%emt 0:00:01]} Re8 {[%emt 0:00:02]} 19. Nf5 {[%emt 0:00:01]} Re5 {[%emt 0:00:02]} 20. Nxh6+ {[%emt 0:00:01]} Kg7 {[%emt 0:00:01]} 21. Nf5+ {[%emt 0:00:00]} Kf8 {[%emt 0:00:01]} 22. Ne3 {[%emt 0:00:01]} Bc5 {[%emt 0:00:01]} 23. Ng4 {[%emt 0:00:03]} Nxg4 {[%emt 0:00:01]} 24. hxg4 {[%emt 0:00:00]} Qf6 {[%emt 0:00:03]} 25. Ne2 {[%emt 0:00:02]} Rae8 {[%emt 0:00:03]} 26. Ng3 {[%emt 0:00:01]} Rd8 {[%emt 0:00:06]} 27. Qxc4 {[%emt 0:00:01]} b6 {[%emt 0:00:02]} 28. b4 {[%emt 0:00:01]} Bd6 {[%emt 0:00:02]} 29. a4 {[%emt 0:00:01]} Rde8 {[%emt 0:00:01]} 30. a5 {[%emt 0:00:01]} R5e7 {[%emt 0:00:02]} 31. axb6 {[%emt 0:00:01]} axb6 {[%emt 0:00:00]} 32. Qb5 {[%emt 0:00:00]} Rc7 {[%emt 0:00:01]} 33. Nf5 {[%emt 0:00:01]} Be7 {[%emt 0:00:01]} 34. d6 {[%emt 0:00:01]} Bxd6 {[%emt 0:00:01]} 35. Rxd6 {[%emt 0:00:01]} Qe5 {[%emt 0:00:02]} 36. Rfd1 {[%emt 0:00:01]} Qxb5 {[%emt 0:00:01]} 37. Rh6 {[%emt 0:00:02]} Re6 {[%emt 0:00:03]} 38. Rh8# {[%emt 0:00:01] (Lag: Av=0.36s, max=0.5s)} 1-0

[Event "Stay Safe Play From Home 297"]
[Site "Emanuel Lasker Arena"]
[Date "2020.07.12"]
[Round "6"]
[White "Lazieri3"]
[Black "Timbre"]
[Result "1-0"]
[WhiteElo "1980"]
[BlackElo "1527"]
[Annotator "TA"]
[PlyCount "61"]
[EventDate "2020.07.12"]
[EventType "swiss (blitz)"]

{[%evp 9,60,0,15,3,16,16,20,15,52,20,33,19,19,19,19,12,18,3,19,18,21,11,21,21,21,12,23,14,23,17,22,0,18,18,14,19,24,-14,-10,-8,-6,0,0,0,104,98,270,274,241,245,29998,29999,29999]} 1. e4 c6 2. d4 d5 3. exd5 cxd5 4. c3 Nc6 5. Nf3 Bg4 6. Be2 {B13: Caro-Kann: Exchange Variation and Panov-Botvinnik Attack.} Bxf3 7. Bxf3 e6 8. O-O {[#] The position is equal.} h6 $146 ({Predecessor:} 8... Nf6 9. Nd2 Be7 10. Re1 O-O 11. Nf1 Re8 12. Bf4 Rc8 13. Qd2 Bd6 14. Bxd6 Qxd6 {0-1 (47) Grant,G (1318)-Karavas,S (1543) Rhodes 2019}) 9. Re1 (9. c4 $5) 9... Nf6 10. Bf4 Bd6 11. Bxd6 Qxd6 12. Nd2 O-O 13. g3 a6 14. a3 Nh7 15. Qe2 Ng5 16. Bg2 Rae8 17. f4 Nh7 18. Nf3 Nf6 19. Ne5 Ne7 20. Bh3 Nc6 {[%cal Be7c6,Bc6a5,Ba5c4][%mdl 32]} 21. Rad1 Qc7 22. Bg2 b5 23. Ng4 Nxg4 24. Qxg4 Na5 25. Re2 Nc4 26. Rde1 a5 {[#]} (26... Qd7 $11 {keeps the balance.}) 27. f5 $1 $36 {[%cal Rf5e6][%mdl 2048] Keeping Black busy.} e5 $2 {This costs Black the game.} (27... exf5 $16 {was necessary.} 28. Qxf5 Rd8) 28. f6 $18 {[%csl Gf6][%cal Rg4g7]} g6 {Black wants to play ...e4.} 29. Bxd5 {Intending Qxg6+ and mate.} Qd6 $2 (29... Kh7 $18 30. Qf3 Qd6 31. Bxc4 bxc4 32. Rxe5 Rxe5 33. Rxe5 Rb8) 30. Qxg6+ $1 {[%mdl 64] Double Attack} Kh8 31. Qg7# {Accuracy: White = 91%, Black = 67%.} 1-0